Masa y poder / (Record no. 47892)

MARC details
000 -LEADER
campo de control de longitud fija 00921nam a2200301 i 4500
001 - NÚMERO DE CONTROL
campo de control 47892
003 - IDENTIFICADOR DE NÚMERO DE CONTROL
campo de control ES-MaACL
005 - FECHA Y HORA DE LA ÚLTIMA TRANSACCIÓN
campo de control 20231102063033.0
007 - CAMPO FIJO DE DESCRIPCIÓN FÍSICA--INFORMACIÓN GENERAL
campo de control de longitud fija t|
008 - DATOS DE LONGITUD FIJA--INFORMACIÓN GENERAL
campo de control de longitud fija 030625s2000 sp ||||0| spa j
020 ## - NÚMERO INTERNACIONAL ESTÁNDAR DEL LIBRO
Número Internacional Estándar del Libro 84-7669-432-6
040 ## - FUENTE DE CATALOGACIÓN
Centro catalogador/agencia de origen M-BN
Lengua de catalogación spa
Centro/agencia transcriptor M-BN
080 ## - NÚMERO DE LA CLASIFICACIÓN DECIMAL UNIVERSAL
Número de la Clasificación Decimal Universal 321.01
080 ## - NÚMERO DE LA CLASIFICACIÓN DECIMAL UNIVERSAL
Número de la Clasificación Decimal Universal 316.62
100 0# - ENTRADA PRINCIPAL--NOMBRE DE PERSONA
Nombre de persona Canetti, Elias,
Fechas asociadas al nombre 1905-1994
9 (RLIN) 34493
245 10 - MENCIÓN DEL TÍTULO
Título Masa y poder /
Mención de responsabilidad, etc. Elías Canetti ; traducción de Horst Vogel.
250 ## - MENCION DE EDICION
Mención de edición 1ª ed. en Modernos y Clásicos.
260 ## - PUBLICACIÓN, DISTRIBUCIÓN, ETC.
Lugar de publicación, distribución, etc. Barcelona :
Nombre del editor, distribuidor, etc. Muchnik,
Fecha de publicación, distribución, etc. 2000.
300 ## - DESCRIPCIÓN FÍSICA
Extensión 526 p ;
Dimensiones 23 cm.
490 1# - MENCIÓN DE SERIE
Mención de serie Modernos y clásicos de Muchnik Editores ;
Designación de volumen o secuencia 111
504 ## - NOTA DE BIBLIOGRAFÍA, ETC.
Nota de bibliografía, etc. Bibliografía: p. 511-521.
650 14 - PUNTO DE ACCESO ADICIONAL DE MATERIA--TÉRMINO DE MATERIA
Término de materia o nombre geográfico como elemento de entrada Poder.
9 (RLIN) 16144
650 14 - PUNTO DE ACCESO ADICIONAL DE MATERIA--TÉRMINO DE MATERIA
Término de materia o nombre geográfico como elemento de entrada Conducta colectiva.
9 (RLIN) 11260
830 0# - PUNTO DE ACCESO ADICIONAL DE SERIE-TÍTULO UNIFORME
Título uniforme Modernos y clásicos de Muchnik Editores ;
Designación de volumen o secuencia 111
9 (RLIN) 180364
852 ## - LOCALIZACIÓN
Ubicación ES-MaACL
Número de control de estantería L-26448
Sublocalización o colección R.131171
Holdings
Estatus retirado Estado de pérdida Estado de daño No para préstamo Biblioteca de origen Biblioteca actual Ubicación en estantería Fecha de adquisición Fuente de adquisición Total de préstamos Signatura topográfica completa Código de barras Visto por última vez Precio de reemplazo Tipo de ítem Koha
        Biblioteca del Ateneo de Madrid Biblioteca del Ateneo de Madrid Depósito 2 17/01/2008     L-26448 1050402 23/02/2023 23/02/2023 Libro impreso